| 000 | 01757nam a2200361 i 4500 | ||
|---|---|---|---|
| 003 | EG-ScBUE | ||
| 005 | 20240130151830.0 | ||
| 008 | 090824s2008 u a f b 001 0 ara d | ||
| 017 | _a2008 / 21551 | ||
| 020 | _a9771805983 | ||
| 040 |
_aEG-ScBUE _bara _erda _cEG-ScBUE _dEG-ScBUE |
||
| 041 | 1 |
_aara _hfre |
|
| 043 | _af-ua--- | ||
| 082 | 0 | 4 |
_222 _a962.031 _bق ط ا |
| 100 | 1 |
_aقطاوي، رينيه، _eمؤلف. |
|
| 245 | 1 | 0 |
_aمحمد علي وأوربا / _cتأليف رينيه قطاوى بك، جورج قطاوي ؛ نقله عن اللغة الفرنسية الدكتور ألفريد يلوز ؛ المقدمة للمسيو فرانسوا شارل رو، سفير فرنسا وعضو المجمع العلمي الفرنسي ؛ تصدير د. علي بركات.. |
| 250 | _aالطبعة الثانية. | ||
| 264 | 1 |
_aالقاهرة : _bدار الكتب والوثائق القومية، _c2008. |
|
| 300 | 2 |
_a282 صفحة : _bإيضاحيات ؛ _c24 سم |
|
| 336 |
_2rdacontent _aنص _btxt |
||
| 337 |
_aبدون وسيط _2rdamedia _bn |
||
| 338 |
_aمجلد _bnc _2rdacarrier |
||
| 500 | _aيشتمل على ملاحق. | ||
| 504 | _aيشتمل على إرجاعات ببليوجرافية وكشافات. | ||
| 546 | _aالنص باللغة العربية وتم ترجمته من اللغة الفرنسية. | ||
| 600 | 0 | 7 |
_2BUEsh _aمحمد علي باشا، _cحاكم مصر، _d1769-1849. |
| 651 | 7 |
_2BUEsh _aمصر _xتاريخ _yالعصر الحديث _yعصر محمد علي (1805-1849). |
|
| 655 | _vReading book | ||
| 700 | 1 |
_aقطاوي، جورج، _eمؤلف مشارك. |
|
| 700 | 1 |
_aيلوز، ألفريد، _eمترجم. |
|
| 700 | 1 |
_aبركات، علي، _eمصدر. |
|
| 942 |
_2ddc _cBB |
||
| 999 |
_c12681 _d12681 |
||